Algunos comentarios a la traducción noruega de Crónica de una muerte anuncIada
Guardado en:
| Autor principal: | |
|---|---|
| Formato: | Desconocido |
| Publicado: |
San José, Costa Rica:
Porvenir,
|
| Materias: | |
| Etiquetas: |
Agregar Etiqueta
Sin Etiquetas, Sea el primero en etiquetar este registro!
|
MARC
| LEADER | 000000000a22000000004500 | ||
|---|---|---|---|
| 001 | 001706 | ||
| 022 | |a 0804-7383 | ||
| 041 | 0 | |a español | |
| 092 | 0 | |a Revista Noruega de Estudios Latinoamericanos | |
| 100 | 1 | |a Johnsen, Ase | |
| 245 | 1 | 0 | |a Algunos comentarios a la traducción noruega de Crónica de una muerte anuncIada |
| 260 | |a San José, Costa Rica: |b Porvenir, | ||
| 650 | 4 | |a GARCIA MARQUEZ, GABRIEL, 1918 . CRONICA DE UNA MUERTE ANUNCIADA | |
| 773 | 0 | |t Revista Noruega de Estudios Latinoamericanos. Corriente del Golfo | |
| 773 | 0 | |g número 3-4 (1998) | |
| 773 | 0 | |g 1970-? | |
| 773 | 0 | |g 333-342 páginas | |
| 999 | |c 1997 |d 1997 | ||
